Historia local: una invitación desde la didáctica para la enseñanza de una historia viva

Bewaard in:
Bibliografische gegevens
Hoofdauteur: Oliva Ureta, María Angélica (autora)
Formaat: Boek
Taal:Spaans
Gepubliceerd in: Santiago Programa MECE-Media 1998
Editie:2a. ed
Reeks:Módulo de Ciencias Sociales
Onderwerpen:
Tags: Voeg label toe
Geen labels, Wees de eerste die dit record labelt!

MARC

LEADER 00000cam a2200000 a 4500
001 UCM8829
003 CL-VaPUC
008 030328e19980000CL |||||||||||||||||spa|d
020 |a 9567405271 
082 0 4 |a 900.712  |b OLI  |2 21 
100 |a Oliva Ureta, María Angélica  |e autora  |9 497238 
245 1 0 |a Historia local: una invitación desde la didáctica para la enseñanza de una historia viva 
250 |a 2a. ed 
300 |a 110 p 
942 |c BK 
945 |d 20030328 00:00:00  |a cmena 
260 |a Santiago  |b Programa MECE-Media  |c 1998 
650 0 |a Enseñanza de la historia   |9 307330 
650 0 |a Reforma educacional   |9 256319 
650 0 |a Métodos de enseñanza  |9 270413 
583 |a last modification  |c 20121016 02:31:44  |k Rodrigo Vera 
490 0 |a Módulo de Ciencias Sociales 
999 |c 303250  |d 303248 
952 |0 0  |1 0  |4 0  |6 900_712000000000000_OLI_1998  |7 0  |8 A  |9 364432  |a BIBHIS  |b BIBHIS  |d 2019-11-21  |i 388788K  |o 900.712 OLI 1998  |p 388788K  |r 2025-01-20  |w 2019-11-21  |y BK  |k HIS 
952 |0 0  |1 0  |4 0  |6 900_712000000000000_OLI_1998  |7 0  |8 A  |9 364433  |a BIBHIS  |b BIBHIS  |d 2019-11-21  |i 4915925  |o 900.712 OLI 1998  |p 4915925  |r 2025-01-20  |w 2019-11-21  |y BK  |k HIS